Maat Kuvittain #2 - Statistics

Yleistilastot
  • Tätä visaa on pelattu 80 kertaa
  • Keskiarvotulos 7 / 15
Vastaustilastot
Kuvavisa Vastaus % Oikein
Egypti
100%
Peru
83%
Yhdistynyt kuningaskunta
75%
Saudi-Arabia
62%
Vietnam
58%
Mongolia
56%
Irak
54%
Turkki
48%
Italia
46%
Sveitsi
38%
Indonesia
33%
Malesia
29%
Ukraina
25%
Ecuador
17%
Madagaskar
12%
Ehtoja vastaavia visoja ei löytynyt
Tulosjakauma
Jokaisen tuloksen saaneiden osuus
Persentiili vastausten määrän mukaan
Tuloshistoriasi
Et ole pelannut tätä visaa